Every City in the Roman Empire - Statistics

General Stats
  • This quiz has been taken 32 times
  • The average score is 9 of 49
Answer Stats
Est. Population City Country % Correct
350,000 Rome Italy
100%
216,000 Alexandria Egypt
87%
28,000 Athens Greece
81%
50,000 Carthage Tunisia
68%
15,000 Naples Italy
68%
31,000 Damascus Syria
61%
10,000 Jerusalem Israel
48%
34,000 Ancyra Türkiye
45%
90,000 Antioch Türkiye
45%
50,000 Corinth Greece
42%
34,000 Memphis Egypt
35%
20,000 Tyre Lebanon
35%
51,000 Ephesus Türkiye
26%
90,000 Smyrna Türkiye
26%
20,000 Córdoba Spain
23%
20,000 Pisa Italy
19%
12,000 Sidon Lebanon
19%
10,000 Bologna Italy
13%
65,000 Cádiz Spain
13%
10,000 Cartagena Spain
13%
13,500 Baalbek Lebanon
6%
36,000 Capua Italy
6%
20,000 Hadrumetum Tunisia
6%
18,000 Nicaea Türkiye
6%
34,000 Nicomedia Türkiye
6%
34,000 Oxyrhyncus Egypt
6%
10,000 Trebizond Türkiye
6%
37,000 Apamea Syria
3%
18,000 Catania Italy
3%
20,000 Cirta Algeria
3%
14,000 Heliopolis Egypt
3%
10,000 Hippo Regius Algeria
3%
15,000 Mérida Spain
3%
15,000 Miletus Türkiye
3%
24,000 Pergamum Türkiye
3%
16,000 Antinoe Egypt
0%
20,000 Arsinoe Egypt
0%
30,000 Bostra Syria
0%
24,000 Cyzicus Türkiye
0%
24,000 Hermopolis Egypt
0%
12,000 Isaura Türkiye
0%
10,000 Lambraesis Algeria
0%
23,000 Mytilene Greece
0%
10,000 Pamplona Spain
0%
20,000 Rusicade Algeria
0%
16,000 Sicca Veneria Tunisia
0%
27,000 Terragona Spain
0%
13,000 Thugga Tunisia
0%
10,000 Thysdrus Tunisia
0%
No matching quizzes found
Score Distribution
Percent of People with Each Score
Percentile by Number Answered
Your Score History
You have not taken this quiz